[Event "TCh-CHN 2016"]
[Site "China CHN"]
[Date "2016.09.26"]
[Round "15.4"]
[Board "3"]
[White "Zhou, Jianchao"]
[Black "Yu, Ruiyuan"]
[Result "1/2-1/2"]
[WhiteTitle "GM"]
[BlackTitle "GM"]
[WhiteElo "2612"]
[BlackElo "2516"]
[WhiteTeam "Shanghai"]
[BlackTeam "Jiangsu"]
[WhiteFideId "8603537"]
[BlackFideId "8603090"]
[EventDate "2016.04.12"]

1. c4 c6 2. d4 d5 3. Nf3 Nf6 4. Nc3 dxc4 5. a4 e6 6. e3 c5 7. Bxc4 Nc6 8. O-O
cxd4 9. exd4 Be7 10. Re1 O-O 11. Bf4 Nb4 12. Ne5 Bd7 13. Rc1 Bc6 14. Nxc6 bxc6
15. Be5 Bd6 16. Qf3 Rb8 17. Qg3 Nh5 18. Qf3 Nf6 19. b3 Nbd5 20. Ne4 Bxe5 21.
dxe5 Nxe4 22. Rxe4 Qg5 23. Rd1 Rfd8 24. h4 Qe7 25. Red4 a5 26. g3 Rd7 27. Kg2
Rbd8 28. R1d2 Qc5 29. R4d3 h6 30. h5 Qe7 1/2-1/2

[Event "TCh-CHN 2016"]
[Site "China CHN"]
[Date "2016.09.26"]
[Round "15.4"]
[Board "4"]
[White "Guo, Qi"]
[Black "Zhang, Xiaowen"]
[Result "1/2-1/2"]
[WhiteTitle "IM"]
[BlackTitle "WGM"]
[WhiteElo "2436"]
[BlackElo "2374"]
[WhiteTeam "Jiangsu"]
[BlackTeam "Shanghai"]
[WhiteFideId "8604002"]
[BlackFideId "8603219"]
[EventDate "2016.04.12"]

1. d4 d5 2. c4 e6 3. Nc3 Nf6 4. cxd5 exd5 5. Bg5 c6 6. e3 Bf5 7. Qf3 Bg6 8. Bxf6
Qxf6 9. Qxf6 gxf6 10. Nf3 Nd7 11. Nh4 Nb6 12. Kd2 Be7 13. Bd3 Bxd3 14. Kxd3 Nc4
15. Kc2 Nd6 16. Ne2 f5 17. Nf3 Rg8 18. Rhg1 O-O-O 19. Ne5 Bg5 20. Nd3 Rde8 21.
b3 Ne4 22. Ng3 Nd6 23. Rae1 Kc7 24. Rc1 a5 25. a4 Re6 26. Rge1 Rh6 27. Nf1 f4
28. Ne5 fxe3 29. fxe3 Bf6 30. Re2 Bxe5 31. dxe5 Ne4 32. Nd2 Nxd2 33. Kxd2 Rxh2
34. Rf1 Rg7 35. e4 dxe4 36. Ke3 Kd7 37. Kxe4 Ke7 38. Kf3 Rh5 39. Rd1 Rf5+ 40.
Ke4 Rgg5 41. Kd4 Rf4+ 42. Kc3 Rg3+ 43. Kc2 Rfg4 44. Rh1 Rxg2 45. Rxg2 Rxg2+ 46.
Kc3 Rg5 47. Kd4 h5 48. Kc5 Rg3 49. Kb6 Rxb3+ 50. Kxa5 Ke6 51. Rxh5 c5 52. Rh6+
Kxe5 53. Rh5+ Kd4 54. Rd5+ Ke3 55. Re5+ Kd2 56. Rd5+ Ke2 57. Re5+ Kf2 58. Rf5+
Ke2 59. Re5+ Kf2 60. Rf5+ Kg2 61. Rg5+ Kf2 62. Rf5+ Rf3 63. Rxc5 f5 64. Rb5 f4
65. Rxb7 Ra3 66. Rf7 f3 67. Kb5 Ke2 68. a5 f2 69. Rxf2+ Kxf2 70. a6 Ke3 71. Kb6
Kd4 72. a7 Kd5 73. Kb7 Rb3+ 74. Kc7 Ra3 75. Kb7 Rb3+ 76. Kc7 Ra3 1/2-1/2

[Event "TCh-CHN 2016"]
[Site "China CHN"]
[Date "2016.09.26"]
[Round "15.4"]
[Board "5"]
[White "Yuan, Ye"]
[Black "Ju, Wenjun"]
[Result "0-1"]
[BlackTitle "GM"]
[WhiteElo "2212"]
[BlackElo "2568"]
[WhiteTeam "Jiangsu"]
[BlackTeam "Shanghai"]
[WhiteFideId "8608415"]
[BlackFideId "8603006"]
[EventDate "2016.04.12"]

1. d4 Nf6 2. c4 e6 3. g3 d5 4. Bg2 dxc4 5. Nf3 Bd7 6. Ne5 Bc6 7. Nxc6 Nxc6 8.
Qa4 Qd7 9. Bxc6 Qxc6 10. Qxc6+ bxc6 11. O-O O-O-O 12. e3 c5 13. dxc5 Rd5 14. Nc3
Rd3 15. c6 Bb4 16. Ne2 e5 17. b3 cxb3 18. axb3 Bc5 19. Ba3 Bb6 20. Rab1 Ne4 21.
Rfd1 Rhd8 22. Rxd3 Rxd3 23. Bb4 Rd2 24. Nc3 Rc2 25. Nd5 Kd8 26. Rd1 Ke8 27. Nxb6
axb6 28. Rd5 Rc5 29. Rxc5 bxc5 30. Ba5 Ke7 31. Kf1 Kd6 32. Ke2 Kxc6 33. Kd3 Kb5 0-1

[Event "TCh-CHN 2016"]
[Site "China CHN"]
[Date "2016.09.26"]
[Round "15.5"]
[Board "1"]
[White "Wang, Chen"]
[Black "Wang, Yue"]
[Result "1/2-1/2"]
[WhiteTitle "IM"]
[BlackTitle "GM"]
[WhiteElo "2514"]
[BlackElo "2718"]
[WhiteTeam "Chongqing"]
[BlackTeam "Tianjing"]
[WhiteFideId "8601020"]
[BlackFideId "8601429"]
[EventDate "2016.04.12"]

1. d4 Nf6 2. Nf3 g6 3. Bf4 Bg7 4. c3 d6 5. h3 O-O 6. e3 c5 7. Nbd2 Nc6 8. Be2
cxd4 9. cxd4 Be6 10. O-O Qb6 11. Qb1 Rac8 12. a3 Na5 13. Bd3 Nc4 14. Nxc4 Bxc4
15. Bg5 Nd5 16. e4 Nf6 17. Rc1 Ba6 18. Bxa6 Qxa6 19. Rxc8 Rxc8 20. Qe1 h6 21.
Bxf6 Bxf6 22. Rc1 Rxc1 23. Qxc1 Qe2 24. Qc8+ Kg7 25. Qxb7 Bxd4 26. Nxd4 Qd1+ 27.
Kh2 Qxd4 28. Qxe7 Qxf2 29. Qxd6 Qxb2 30. e5 Qf2 31. Qc7 Qf4+ 32. Kh1 a6 33. Qc3
h5 34. Qe1 h4 35. e6 fxe6 36. Qxe6 Qc1+ 37. Kh2 Qxa3 38. Qe5+ Kf7 39. Qf4+ Ke6
40. Qxh4 Qd6+ 41. Kh1 Kd5 42. Qa4 Qc6 43. Qd1+ Kc5 44. Qc2+ Kb6 45. Qb1+ Kc7 46.
Qa1 Qd6 47. Qc3+ Kb6 48. Qb2+ Ka5 49. Qa1+ Kb5 50. Qf1+ Kc5 51. Qc1+ Kd4 52.
Qd2+ Ke5 53. Qe3+ Kf6 54. Qc3+ Kf7 55. Qf3+ Kg7 56. Qc3+ Kh7 57. Qa5 Qc6 58. Qa3
Qf6 59. Qa5 Kh6 60. Qd2+ g5 61. Qd5 Qb6 62. Qd2 Kg6 63. Qd3+ Kg7 64. Qf5 Qg6 65.
Qd5 Qf6 66. Qb7+ Kh6 67. Qd5 Qb6 68. Qd2 Kg6 69. Qd3+ Kf6 70. Qf3+ Kg7 71. Qf5
Qb5 72. Qe6 a5 73. Qe7+ Kg8 74. Qe6+ Kf8 75. Qf6+ Ke8 76. Qe6+ Kd8 77. Qd6+ Kc8
78. Qf8+ Kb7 79. Qe7+ Ka6 80. Qe6+ Qb6 81. Qe2+ Kb7 82. Qe7+ Ka6 83. Qe2+ Kb7
84. Qe7+ Kc6 85. Qf6+ Kb5 86. Qb2+ Ka6 1/2-1/2

[Event "TCh-CHN 2016"]
[Site "China CHN"]
[Date "2016.09.26"]
[Round "15.5"]
[Board "2"]
[White "Zhou, Weiqi"]
[Black "Malakhov, Vladimir"]
[Result "1/2-1/2"]
[WhiteTitle "GM"]
[BlackTitle "GM"]
[WhiteElo "2635"]
[BlackElo "2695"]
[WhiteTeam "Chongqing"]
[BlackTeam "Tianjing"]
[WhiteFideId "8601674"]
[BlackFideId "4120787"]
[EventDate "2016.04.12"]

1. d4 d5 2. c4 c6 3. Nf3 Nf6 4. Nc3 a6 5. a4 e6 6. Bg5 a5 7. e3 Be7 8. Be2 Na6
9. O-O O-O 10. Qb3 Nb4 11. Na2 dxc4 12. Qxc4 Nxa2 13. Qxa2 Nd5 14. Bxe7 Qxe7 15.
Ne5 Bd7 16. Qa3 Qxa3 17. Rxa3 Rfd8 18. Rb3 Rab8 19. Rc1 Be8 20. g3 Kf8 21. Nd3
b6 22. Bf3 Ke7 23. h4 f6 24. Kg2 c5 25. dxc5 Bxa4 26. Ra3 Bb5 27. Nf4 Nxf4+ 28.
exf4 bxc5 29. Rxa5 c4 30. Rc2 Rd6 31. Ra7+ Rd7 32. Ra1 Rd6 33. Ra7+ Rd7 34. Ra1
Rd6 1/2-1/2

[Event "TCh-CHN 2016"]
[Site "China CHN"]
[Date "2016.09.26"]
[Round "15.5"]
[Board "3"]
[White "Liu, Yan"]
[Black "Dai, Changren"]
[Result "0-1"]
[WhiteTitle "FM"]
[WhiteElo "2413"]
[BlackElo "2361"]
[WhiteTeam "Chongqing"]
[BlackTeam "Tianjing"]
[WhiteFideId "8608962"]
[BlackFideId "8608156"]
[EventDate "2016.04.12"]

1. d4 Nf6 2. Nf3 g6 3. g3 Bg7 4. Bg2 O-O 5. O-O d6 6. c4 Nc6 7. Nc3 Bd7 8. a3 e5
9. d5 Ne7 10. e4 a5 11. Ne1 c6 12. dxc6 Nxc6 13. b3 Bg4 14. f3 Qb6+ 15. Kh1 Be6
16. Na4 Qa7 17. Qd3 Nd4 18. Be3 Nd7 19. Nc2 f5 20. Rad1 Nc5 21. Bxd4 exd4 22.
Nxc5 dxc5 23. a4 fxe4 24. fxe4 Qb6 25. Rxf8+ Rxf8 26. Rf1 Rxf1+ 27. Bxf1 Bh6 28.
h4 Bd7 29. Kh2 Qe6 30. Qf3 Bd2 31. Qd3 Bc1 32. Qf3 Qg4 33. Kg2 Kg7 34. Qxg4 Bxg4
35. Kf2 Bd1 36. Bd3 Bd2 37. Na1 Bc3 38. Nc2 Kf6 39. Kg2 Ke5 40. Kf2 h6 41. Kg2
g5 42. hxg5 hxg5 43. Kf2 g4 44. Kf1 Bf3 45. Na3 Bxe4 46. Be2 Bb4 0-1

[Event "TCh-CHN 2016"]
[Site "China CHN"]
[Date "2016.09.26"]
[Round "15.5"]
[Board "4"]
[White "Ni, Shiqun"]
[Black "Lei, Tingjie"]
[Result "1/2-1/2"]
[WhiteTitle "WGM"]
[BlackTitle "WGM"]
[WhiteElo "2363"]
[BlackElo "2504"]
[WhiteTeam "Tianjing"]
[BlackTeam "Chongqing"]
[WhiteFideId "8608466"]
[BlackFideId "8605114"]
[EventDate "2016.04.12"]

1. e4 e6 2. d4 d5 3. Nd2 c5 4. exd5 Qxd5 5. Ngf3 cxd4 6. Bc4 Qd6 7. O-O Nf6 8.
Nb3 Nc6 9. Nfxd4 Nxd4 10. Nxd4 a6 11. Re1 Qc7 12. Qe2 h6 13. h3 Bd7 14. Be3 Bc5
15. c3 O-O 16. Bb3 Rfe8 17. Rad1 Rac8 18. Nf3 Bxe3 19. Qxe3 Bc6 20. Ne5 Bd5 21.
Rd4 Bxb3 22. axb3 Red8 23. Red1 Rd5 24. Ng4 Nxg4 25. hxg4 Rcd8 26. Rxd5 Rxd5 27.
Rxd5 exd5 28. b4 Qd7 29. f3 f6 30. Kf2 Kf7 31. Qb6 Ke7 32. Qc5+ Kf7 33. Qb6 Ke7
34. Qc5+ Kf7 35. Qb6 1/2-1/2

[Event "TCh-CHN 2016"]
[Site "China CHN"]
[Date "2016.09.26"]
[Round "15.5"]
[Board "5"]
[White "Xiao, Yiyi"]
[Black "Tan, Zhongyi"]
[Result "0-1"]
[WhiteTitle "WFM"]
[BlackTitle "WGM"]
[WhiteElo "2222"]
[BlackElo "2518"]
[WhiteTeam "Tianjing"]
[BlackTeam "Chongqing"]
[WhiteFideId "8606161"]
[BlackFideId "8603642"]
[EventDate "2016.04.12"]

1. d4 Nf6 2. Nf3 e6 3. e3 d5 4. Bd3 c5 5. b3 b6 6. Qe2 Bd6 7. O-O O-O 8. Bb2
Nbd7 9. Nbd2 Bb7 10. Ne5 Qc7 11. f4 Ne4 12. Nxe4 dxe4 13. Bc4 Rad8 14. Rad1 Nf6
15. Ng4 Be7 16. dxc5 Qxc5 17. Bd4 Qf5 18. Ne5 h5 19. a4 Nd5 20. g4 hxg4 21. Qxg4
Qxg4+ 22. Nxg4 Nb4 23. c3 Nc6 24. f5 exf5 25. Ne5 Nxe5 26. Bxe5 Bc8 27. Kf2 Bh4+
28. Ke2 Rxd1 29. Kxd1 Re8 30. Bd4 Be6 31. Rg1 g6 32. Bxe6 Rxe6 33. Ke2 Be7 34.
Rd1 Kh7 35. a5 g5 36. axb6 axb6 37. Rf1 Kg6 38. h3 b5 39. Ra1 f4 40. Ra5 f3+ 41.
Kf1 b4 42. c4 f5 43. Re5 Rxe5 44. Bxe5 Bc5 45. h4 Bxe3 46. hxg5 Bc5 47. Bf4 e3
48. Ke1 Bd4 0-1

[Event "TCh-CHN 2016"]
[Site "China CHN"]
[Date "2016.09.26"]
[Round "15.6"]
[Board "1"]
[White "Yu, Kaifeng"]
[Black "Ma, Qun"]
[Result "0-1"]
[WhiteTitle "FM"]
[BlackTitle "GM"]
[WhiteElo "2220"]
[BlackElo "2613"]
[WhiteTeam "Shenzhen"]
[BlackTeam "Hangzhou"]
[WhiteFideId "8609667"]
[BlackFideId "8603154"]
[EventDate "2016.04.12"]

1. d4 Nf6 2. c4 e6 3. Nf3 Bb4+ 4. Bd2 Qe7 5. g3 Bxd2+ 6. Qxd2 Nc6 7. Nc3 d5 8.
cxd5 exd5 9. Bg2 O-O 10. O-O Re8 11. e3 Bf5 12. Rfc1 a6 13. a3 Na7 14. Ne5 c6
15. b4 Nc8 16. Qb2 Nd6 17. a4 Nd7 18. Nxd7 Qxd7 19. b5 Bh3 20. bxc6 bxc6 21. Qe2
Bxg2 22. Kxg2 a5 23. Rab1 g6 24. Rb3 h5 25. h4 Kg7 26. Rcb1 Qc7 27. Rb6 Re6 28.
Qd3 Re7 29. R6b3 Rae8 30. Ne2 Nc4 31. Nf4 Qc8 32. Kg1 Qg4 33. Qd1 Qf5 34. Rb7
Qc8 35. Rxe7 Rxe7 36. Nd3 Qf5 37. Rb3 Qc8 38. Nc5 Nd6 39. Qb1 Qg4 40. Nd3 Nf5
41. Ne5 Rxe5 42. dxe5 Nxh4 43. e6 Nf3+ 44. Kg2 Ng5 45. Kg1 Qxe6 46. Qa1+ f6 47.
Rb7+ Kh6 48. Qa3 Nf3+ 49. Kf1 Kg5 50. Qc1 Qe4 51. Qxc6 Qd3+ 52. Kg2 Ne1+ 53. Kg1
Nf3+ 54. Kg2 Nd2 55. Qc1 Qe4+ 56. Kg1 Nf3+ 57. Kf1 Kg4 58. Rc7 Kh3 59. Qc2 Qb4
60. Qd1 Qe4 61. Qc2 Nh2+ 62. Ke2 Qf3+ 63. Ke1 Qh1+ 64. Kd2 Qf1 65. Kc3 Nf3 66.
Kb2 Qe1 67. Rf7 f5 68. Ka2 Kg2 69. Ra7 g5 70. Rd7 Qxf2 71. Qxf2+ Kxf2 72. Rxd5
Kxg3 73. Rxa5 h4 74. Rb5 h3 75. Rb1 h2 76. Rh1 Kg2 0-1

[Event "TCh-CHN 2016"]
[Site "China CHN"]
[Date "2016.09.26"]
[Round "15.6"]
[Board "2"]
[White "Lin, Yi"]
[Black "Gao, Rui"]
[Result "1/2-1/2"]
[BlackTitle "GM"]
[WhiteElo "2276"]
[BlackElo "2552"]
[WhiteTeam "Shenzhen"]
[BlackTeam "Hangzhou"]
[WhiteFideId "8602735"]
[BlackFideId "8602387"]
[EventDate "2016.04.12"]

1. d4 Nf6 2. c4 g6 3. Nc3 d5 4. Nf3 Bg7 5. cxd5 Nxd5 6. e3 O-O 7. Bc4 Nxc3 8.
bxc3 c5 9. O-O Qc7 10. Qe2 Nc6 11. Ba3 Na5 12. Bb5 b6 13. Rfd1 Rd8 14. dxc5
Rxd1+ 15. Rxd1 bxc5 16. h3 h6 17. Nd2 Bf5 18. g4 Be6 19. Ne4 Nb7 20. Ba6 c4 21.
Qf3 Rb8 22. Qf4 Qxf4 23. exf4 Nd6 24. Nxd6 exd6 25. f5 gxf5 26. gxf5 Bxf5 27.
Bxc4 Bxc3 28. Rxd6 Kg7 29. Kg2 Be5 30. Ra6 Bd4 31. Rd6 Be5 32. Ra6 Rc8 33. Bb3
Bd4 1/2-1/2

[Event "TCh-CHN 2016"]
[Site "China CHN"]
[Date "2016.09.26"]
[Round "15.6"]
[Board "3"]
[White "Battulga, Namkhai"]
[Black "Bai, Jinshi"]
[Result "0-1"]
[WhiteTitle "IM"]
[BlackTitle "GM"]
[WhiteElo "2402"]
[BlackElo "2564"]
[WhiteTeam "Shenzhen"]
[BlackTeam "Hangzhou"]
[WhiteFideId "4900880"]
[BlackFideId "8602280"]
[EventDate "2016.04.12"]

1. e4 e5 2. Nf3 Nf6 3. Nxe5 d6 4. Nf3 Nxe4 5. d4 d5 6. Bd3 Nc6 7. O-O Be7 8. Re1
Bg4 9. Bxe4 dxe4 10. Rxe4 Bxf3 11. Qxf3 Nxd4 12. Qd1 Ne6 13. Re1 Qxd1 14. Rxd1
O-O 15. Be3 Rfd8 16. Nd2 Bc5 17. Nc4 Bxe3 18. fxe3 Rxd1+ 19. Rxd1 Rd8 20. Rd3 b6
21. b4 f6 22. Kf2 Kf8 23. Ke2 Rxd3 24. cxd3 c5 25. b5 Ke7 26. a4 Nc7 27. g3 Ke6
28. Kd2 Ne8 29. e4 Nd6 30. Na3 f5 31. exf5+ Kxf5 32. h3 g5 33. Nc2 Ke5 34. Ne1
h5 35. Nf3+ Kf5 36. Ke3 g4 37. hxg4+ Kxg4 38. Kf2 Kf5 39. Ng1 c4 40. dxc4 Nxc4
41. Kf3 Nb2 42. Ne2 Ke5 43. Nf4 Nxa4 44. Nxh5 Nc3 45. Ke3 Nxb5 46. Nf4 Nd6 47.
Kd3 a5 48. Ne2 b5 49. g4 b4 50. Nd4 Kd5 51. g5 Nf7 52. Nc2 Nxg5 53. Ne3+ Kc5 54.
Kc2 Ne6 55. Kb3 Kb5 56. Nc2 a4+ 57. Kb2 Kc5 58. Ne1 Kc4 59. Nc2 Nf4 60. Ne3+ Kc5
61. Nf5 Nd5 62. Ng3 Ne3 63. Ne2 Kc4 64. Nc1 Nd1+ 65. Kb1 b3 66. Ne2 0-1

[Event "TCh-CHN 2016"]
[Site "China CHN"]
[Date "2016.09.26"]
[Round "15.6"]
[Board "4"]
[White "Zhao, Shengxin"]
[Black "Xu, Yuze"]
[Result "1/2-1/2"]
[WhiteTitle "WFM"]
[WhiteElo "1949"]
[BlackElo "1812"]
[WhiteTeam "Hangzhou"]
[BlackTeam "Shenzhen"]
[WhiteFideId "8608040"]
[BlackFideId "8614466"]
[EventDate "2016.04.12"]

1. d4 Nf6 2. c4 e6 3. g3 Bb4+ 4. Bd2 Qe7 5. Nf3 Nc6 6. Nc3 Bxc3 7. Bxc3 Ne4 8.
Rc1 O-O 9. Bg2 d6 10. d5 Nxc3 11. Rxc3 Nb8 12. dxe6 fxe6 13. O-O Nd7 14. b4 Nf6
15. Qc2 c6 16. b5 cxb5 17. cxb5 Bd7 18. Nd4 d5 19. Rc7 Rfc8 20. Bh3 Qd6 21. Rc1
Ne8 22. Rxc8 Rxc8 23. Qd2 Rxc1+ 24. Qxc1 e5 25. Bxd7 Qxd7 26. Nf3 Qxb5 27. Qc8
Kf8 28. Qf5+ Nf6 29. Qxe5 Qb1+ 30. Kg2 Qxa2 31. Qd6+ Ke8 32. Qb8+ Ke7 33. Qxb7+
Nd7 34. Nd4 Qa4 35. Qxd5 Nf6 36. Nf5+ Kf8 37. Qd6+ Kg8 38. Qe6+ Kh8 39. Nd6 Qd7
40. Qe5 Kg8 41. f3 Kf8 42. Nf5 Kf7 43. g4 Ne8 44. h4 Qe6 45. Qb5 a5 46. e4 Qa2+
47. Kg3 Qd2 48. Qb7+ Kg8 49. Qb3+ Kf8 50. Qa3+ Kg8 51. Qb3+ Kf8 52. Qa3+ Kg8 53.
Ne7+ Kf7 54. Nd5 Qe1+ 55. Kf4 Qxh4 56. Qxa5 Qh2+ 57. Ke3 Qg1+ 58. Kd3 Qd1+ 59.
Ke3 Qg1+ 60. Ke2 Qg2+ 61. Ke3 1/2-1/2

[Event "TCh-CHN 2016"]
[Site "China CHN"]
[Date "2016.09.26"]
[Round "15.6"]
[Board "5"]
[White "Dzagnidze, Nana"]
[Black "Du, Yuxin"]
[Result "1-0"]
[WhiteTitle "GM"]
[WhiteElo "2535"]
[BlackElo "2074"]
[WhiteTeam "Hangzhou"]
[BlackTeam "Shenzhen"]
[WhiteFideId "13601903"]
[BlackFideId "8610282"]
[EventDate "2016.04.12"]

1. Nf3 Nf6 2. c4 e6 3. b3 b6 4. g3 Bb7 5. Bg2 c5 6. O-O Be7 7. Bb2 O-O 8. d4
cxd4 9. Qxd4 Nc6 10. Qf4 d6 11. Rd1 Qc7 12. Nc3 a6 13. Rac1 Ne5 14. Na4 Ned7 15.
Bxf6 gxf6 16. Nd2 Bxg2 17. Kxg2 Qb7+ 18. Kg1 b5 19. Nc3 bxc4 20. bxc4 f5 21. e4
fxe4 22. Ndxe4 Ne5 23. c5 Ng6 24. Nxd6 Qc6 25. Qe3 Rfd8 26. Nce4 Rab8 27. Qf3
Ne5 28. Qf4 Bxd6 29. cxd6 Qb5 30. a4 Qa5 31. Rc5 1-0

[Event "TCh-CHN 2016"]
[Site "China CHN"]
[Date "2016.10.30"]
[Round "16.1"]
[Board "1"]
[White "Zeng, Chongsheng"]
[Black "Yu, Kaifeng"]
[Result "1-0"]
[WhiteTitle "GM"]
[BlackTitle "FM"]
[WhiteElo "2549"]
[BlackElo "2220"]
[WhiteTeam "Guangdong"]
[BlackTeam "Shenzhen"]
[WhiteFideId "8603847"]
[BlackFideId "8609667"]
[EventDate "2016.04.12"]

1. d4 Nf6 2. c4 e6 3. Nf3 d5 4. Nc3 Be7 5. Bg5 O-O 6. Qc2 h6 7. Bxf6 Bxf6 8.
O-O-O c6 9. e4 Nd7 10. h4 g6 11. e5 Be7 12. cxd5 cxd5 13. Kb1 a6 14. Bd3 Kg7 15.
Ne2 Re8 16. Nf4 Nf8 17. Rh3 Bd7 18. Nh5+ Kh7 19. Ng5+ Kg8 20. Nxf7 Kxf7 21.
Bxg6+ Kg8 22. Rg3 Kh8 23. Bf7 1-0

[Event "TCh-CHN 2016"]
[Site "China CHN"]
[Date "2016.10.30"]
[Round "16.1"]
[Board "2"]
[White "Ganguly, Surya Shekhar"]
[Black "Lin, Yi"]
[Result "1-0"]
[WhiteTitle "GM"]
[WhiteElo "2672"]
[BlackElo "2276"]
[WhiteTeam "Guangdong"]
[BlackTeam "Shenzhen"]
[WhiteFideId "5002150"]
[BlackFideId "8602735"]
[EventDate "2016.04.12"]

1. e4 e5 2. Nf3 Nf6 3. d4 Nxe4 4. dxe5 d5 5. Nbd2 Be7 6. Nxe4 dxe4 7. Qxd8+ Bxd8
8. Nd4 c6 9. Bd2 Bc7 10. e6 Bxe6 11. Nxe6 fxe6 12. Bc4 Nd7 13. Bxe6 Nc5 14. Bh3
O-O 15. b3 Bf4 16. Rd1 Bxd2+ 17. Rxd2 Rae8 18. Re2 Ne6 19. Bxe6+ Rxe6 20. O-O
Rfe8 21. Rd1 Kf7 22. Kf1 Kf6 23. Ree1 Re5 24. Rd4 Kf5 25. c4 c5 26. Rdd1 R8e7
27. Ke2 Ke6 28. Ke3 Rf7 29. Rd8 Rg5 30. Rg1 Rgf5 31. Rd2 Re5 32. Re1 Rg5 33. Rd8
Rgf5 34. Rg1 Rd7 35. Rd1 Rd2 36. R8xd2 b6 37. Rd8 Rf7 38. Re8+ 1-0

[Event "TCh-CHN 2016"]
[Site "China CHN"]
[Date "2016.10.30"]
[Round "16.1"]
[Board "3"]
[White "Xu, Yinglun"]
[Black "Zhao, Chenxi"]
[Result "1-0"]
[WhiteElo "2523"]
[BlackElo "2035"]
[WhiteTeam "Guangdong"]
[BlackTeam "Shenzhen"]
[WhiteFideId "8604940"]
[BlackFideId "8611513"]
[EventDate "2016.04.12"]

1. d4 Nf6 2. c4 g6 3. Nc3 Bg7 4. e4 d6 5. Nf3 O-O 6. Be2 e5 7. O-O Re8 8. dxe5
dxe5 9. Qxd8 Rxd8 10. Bg5 Re8 11. Nd5 Nxd5 12. cxd5 Bf8 13. Rac1 Bd6 14. Nd2 b6
15. a3 a5 16. Nc4 Bf8 17. Nd2 Ba6 18. Bxa6 Nxa6 19. Rc6 Rac8 20. Be3 Nb8 21.
Rcc1 Na6 22. Bg5 Ra8 23. Rc6 Rac8 24. Be3 Nb8 25. Rc3 Nd7 26. Rfc1 Bd6 27. f3
Nc5 28. b3 f5 29. Nc4 fxe4 30. Nxd6 cxd6 31. b4 axb4 32. axb4 exf3 33. bxc5 dxc5
34. Bg5 Rc7 35. d6 Rd7 36. Be7 fxg2 37. Rb1 1-0

[Event "TCh-CHN 2016"]
[Site "China CHN"]
[Date "2016.10.30"]
[Round "16.1"]
[Board "4"]
[White "Xu, Yuze"]
[Black "Li, Xueyi"]
[Result "1/2-1/2"]
[WhiteElo "1812"]
[BlackElo "2112"]
[WhiteTeam "Shenzhen"]
[BlackTeam "Guangdong"]
[WhiteFideId "8614466"]
[BlackFideId "8605912"]
[EventDate "2016.04.12"]

1. e4 c5 2. c3 d5 3. exd5 Qxd5 4. d4 Nc6 5. Nf3 Bf5 6. Be3 Nf6 7. dxc5 Qxd1+ 8.
Kxd1 e5 9. Bb5 Ng4 10. Ke2 Nxe3 11. fxe3 Bxc5 12. Nxe5 O-O 13. Bxc6 bxc6 14. Nd2
Rfe8 15. Nec4 Rad8 16. b4 Be7 17. Rac1 Bg5 18. Rhd1 Bd3+ 19. Kf2 Bh6 20. Re1 f5
21. Nb2 Be4 22. Nxe4 Rxe4 23. Rcd1 Rde8 24. Rd3 f4 25. Nd1 fxe3+ 26. Nxe3 Rf4+
27. Kg1 Rfe4 1/2-1/2

[Event "TCh-CHN 2016"]
[Site "China CHN"]
[Date "2016.10.30"]
[Round "16.1"]
[Board "5"]
[White "Du, Yuxin"]
[Black "Padmini, Rout"]
[Result "1/2-1/2"]
[BlackTitle "IM"]
[WhiteElo "2074"]
[BlackElo "2408"]
[WhiteTeam "Shenzhen"]
[BlackTeam "Guangdong"]
[WhiteFideId "8610282"]
[BlackFideId "5029295"]
[EventDate "2016.04.12"]

1. e4 c5 2. Nf3 e6 3. g3 Nc6 4. Bg2 Nf6 5. Qe2 e5 6. O-O Be7 7. Na3 O-O 8. Nc4
d6 9. a4 Re8 10. d3 h6 11. c3 Bf8 12. Re1 a6 13. Qc2 Be6 14. b3 Rc8 15. Bb2 b5
16. Ne3 Rb8 17. axb5 axb5 18. d4 exd4 19. cxd4 Nxd4 20. Nxd4 cxd4 21. Bxd4 Nd7
22. Nd5 Bxd5 23. exd5 Rxe1+ 24. Rxe1 b4 25. Bf1 Nc5 26. Bxc5 dxc5 27. Qe4 Bd6
28. Bd3 g6 29. h4 h5 30. Qf3 Kg7 31. Kg2 Ra8 32. Bb5 Qf6 33. Qxf6+ Kxf6 34. Re2
Ra3 35. Bc4 Ra8 1/2-1/2

[Event "TCh-CHN 2016"]
[Site "China CHN"]
[Date "2016.10.30"]
[Round "16.2"]
[Board "1"]
[White "Gao, Rui"]
[Black "Zhou, Weiqi"]
[Result "1/2-1/2"]
[WhiteTitle "GM"]
[BlackTitle "GM"]
[WhiteElo "2552"]
[BlackElo "2635"]
[WhiteTeam "Hangzhou"]
[BlackTeam "Chongqing"]
[WhiteFideId "8602387"]
[BlackFideId "8601674"]
[EventDate "2016.04.12"]

1. e4 e5 2. Nf3 Nc6 3. d4 exd4 4. Nxd4 Nf6 5. Nc3 Bb4 6. Nxc6 bxc6 7. Bd3 O-O 8.
O-O Re8 9. Bg5 h6 10. Bh4 Be7 11. Re1 Rb8 12. Bc4 d6 13. e5 dxe5 14. Rxe5 Qxd1+
15. Rxd1 Bd6 16. Rxe8+ Nxe8 17. b3 Bf5 18. Bd3 Bxd3 19. Rxd3 Rb4 20. Bg3 Kf8 21.
f3 Bxg3 22. hxg3 Nd6 23. g4 Ke7 24. Kf2 f5 25. Re3+ Kd7 26. gxf5 Nxf5 27. Re5
Nd4 28. Ra5 Nxc2 29. Rxa7 Nd4 30. Ne4 Ne6 31. Ke3 Rb5 32. Ra8 Rd5 33. Ra4 Rd1
34. Rc4 Re1+ 35. Kf2 Ra1 36. Rc2 Nf4 37. Nc5+ Kd6 38. Nb7+ Kd7 39. Nc5+ Kd6 40.
Nb7+ Kd7 41. Nc5+ 1/2-1/2

[Event "TCh-CHN 2016"]
[Site "China CHN"]
[Date "2016.10.30"]
[Round "16.2"]
[Board "2"]
[White "Bai, Jinshi"]
[Black "Wang, Chen"]
[Result "1-0"]
[WhiteTitle "GM"]
[BlackTitle "IM"]
[WhiteElo "2564"]
[BlackElo "2514"]
[WhiteTeam "Hangzhou"]
[BlackTeam "Chongqing"]
[WhiteFideId "8602280"]
[BlackFideId "8601020"]
[EventDate "2016.04.12"]

1. Nf3 Nf6 2. c4 e6 3. g3 d5 4. d4 g6 5. Bg2 Bg7 6. O-O O-O 7. Qc2 Nc6 8. Rd1
Qe7 9. Bg5 h6 10. Bxf6 Qxf6 11. e3 Qd8 12. Nbd2 Ne7 13. b4 c6 14. a4 Bd7 15. c5
Qc7 16. Bf1 f6 17. e4 e5 18. Bg2 Be6 19. Re1 Bf7 20. Rad1 Rad8 21. Re2 exd4 22.
Nxd4 dxe4 23. Rxe4 Qd7 24. Nc4 Nd5 25. Nd6 f5 26. Ree1 Nxb4 27. Qb1 a5 28. Nb3
Qc7 29. h4 Nd5 30. Qc2 Nb4 31. Qb1 Nd5 32. Qc2 h5 33. Nd4 Nb4 34. Qc1 Bf6 35.
Ne6 Bxe6 36. Rxe6 Kh7 37. Qf4 Qg7 38. Qf3 Nc2 39. Qd3 Nb4 40. Qc4 Rd7 41. Rde1
Qg8 42. Bh3 Nd5 43. Qe2 Nc7 44. Bxf5 Qg7 45. Rxf6 1-0